| 000 | 00892nam a22002177a 4500 | ||
|---|---|---|---|
| 999 |
_c58778 _d58778 |
||
| 003 | Ge_BSU | ||
| 005 | 20220727165826.0 | ||
| 008 | 220722s2021en xxu||||| |||| 00| 0 eng d | ||
| 020 | _a9789941490828 | ||
| 041 | _ageo | ||
| 080 | _a341.217(4) T-29 | ||
| 100 |
_aTebidze, Jaba _914471 |
||
| 245 |
_aDecision-making institutions of the European Union : _b Law and institutional order / _cJaba Tebidze. |
||
| 250 | _a2nd edition. | ||
| 264 |
_aTbilisi : _bMtsignobari, _c 2021. |
||
| 300 |
_a230 p. ; _c20 cm. |
||
| 505 | _gბიბლიოგრაფია: გვ. 222-228. | ||
| 653 | _aევროკავშირი. | ||
| 653 | _aევროკავშირის გადაწყვეტილების მიმღები ინსტიტუტები : კანონი და ინსტიტუციური წესრიგი. | ||
| 942 |
_2udc _cBK |
||